<?xml version="1.0" encoding="UTF-8"?><?xml-stylesheet type="text/xsl" href="static/style.xsl"?><OAI-PMH xmlns="http://www.openarchives.org/OAI/2.0/" xmlns:xsi="http://www.w3.org/2001/XMLSchema-instance" xsi:schemaLocation="http://www.openarchives.org/OAI/2.0/ http://www.openarchives.org/OAI/2.0/OAI-PMH.xsd"><responseDate>2026-06-01T14:54:35Z</responseDate><request verb="GetRecord" identifier="oai:riuma.uma.es:10630/24781" metadataPrefix="marc">https://riuma.uma.es/rest/oai/request</request><GetRecord><record><header><identifier>oai:riuma.uma.es:10630/24781</identifier><datestamp>2026-02-03T11:52:27Z</datestamp><setSpec>com_10630_2254</setSpec><setSpec>col_10630_37959</setSpec></header><metadata><record xmlns="http://www.loc.gov/MARC21/slim" xmlns:dcterms="http://purl.org/dc/terms/" xmlns:doc="http://www.lyncode.com/xoai" xmlns:xsi="http://www.w3.org/2001/XMLSchema-instance" xsi:schemaLocation="http://www.loc.gov/MARC21/slim http://www.loc.gov/standards/marcxml/schema/MARC21slim.xsd">
   <leader>00925njm 22002777a 4500</leader>
   <datafield ind2=" " ind1=" " tag="042">
      <subfield code="a">dc</subfield>
   </datafield>
   <datafield ind2=" " ind1=" " tag="720">
      <subfield code="a">Ladrón de Guevara-Miranda, David</subfield>
      <subfield code="e">author</subfield>
   </datafield>
   <datafield ind2=" " ind1=" " tag="720">
      <subfield code="a">Martín-Montañez, Elisa</subfield>
      <subfield code="e">author</subfield>
   </datafield>
   <datafield ind2=" " ind1=" " tag="720">
      <subfield code="a">Valverde, Nadia</subfield>
      <subfield code="e">author</subfield>
   </datafield>
   <datafield ind2=" " ind1=" " tag="720">
      <subfield code="a">Lara, Estrella</subfield>
      <subfield code="e">author</subfield>
   </datafield>
   <datafield ind2=" " ind1=" " tag="720">
      <subfield code="a">Romero-Zerbo, Silvana Yanina</subfield>
      <subfield code="e">author</subfield>
   </datafield>
   <datafield ind2=" " ind1=" " tag="720">
      <subfield code="a">Millón-Peñuela, Carmelo</subfield>
      <subfield code="e">author</subfield>
   </datafield>
   <datafield ind2=" " ind1=" " tag="720">
      <subfield code="a">Boraldi, Federica</subfield>
      <subfield code="e">author</subfield>
   </datafield>
   <datafield ind2=" " ind1=" " tag="720">
      <subfield code="a">Ávila-Gámiz, Fabiola</subfield>
      <subfield code="e">author</subfield>
   </datafield>
   <datafield ind2=" " ind1=" " tag="720">
      <subfield code="a">Pérez-Cano, Ana María</subfield>
      <subfield code="e">author</subfield>
   </datafield>
   <datafield ind2=" " ind1=" " tag="720">
      <subfield code="a">Garrido-Gil, Pablo</subfield>
      <subfield code="e">author</subfield>
   </datafield>
   <datafield ind2=" " ind1=" " tag="720">
      <subfield code="a">Labandeira-García, José Luis</subfield>
      <subfield code="e">author</subfield>
   </datafield>
   <datafield ind2=" " ind1=" " tag="720">
      <subfield code="a">Santín-Núñez, Luis Javier</subfield>
      <subfield code="e">author</subfield>
   </datafield>
   <datafield ind2=" " ind1=" " tag="720">
      <subfield code="a">Pavía-Molina, José</subfield>
      <subfield code="e">author</subfield>
   </datafield>
   <datafield ind2=" " ind1=" " tag="720">
      <subfield code="a">García-Fernández, María Inmaculada</subfield>
      <subfield code="e">author</subfield>
   </datafield>
   <datafield ind2=" " ind1=" " tag="260">
      <subfield code="c">2022-07-20</subfield>
   </datafield>
   <datafield ind2=" " ind1=" " tag="520">
      <subfield code="a">Progressive degeneration of the nigrostriatal dopaminergic pathway is a core, currently irreversible pathological hallmark of Parkinson’s disease (PD) that leads to a variety of motor and non-motor symptoms. Here, we aimed to study the potential neuroprotective effects of insulin-like growth factor II (IGF-II) in a PD mouse model based on the chronic administration of 1-methyl-4-phenyl-1,2,3,6-tetrahydropyridine and probenecid (MPTP/p), which induces loss of dopaminergic neurons in the Substantia Nigra pars compacta (SNc). Male C57BL6/J mice (N=36) received a 5-week treatment with MPTP/p (or vehicle) and were co-treated with chronic IGF-II (or saline) from either the beginning of the procedure (plus an additional week, days 1-44) or once the MPTP/p insult was already triggered (days 21-44). Baseline and post-treatment measurements for motor performance in the Rotarod and self-grooming in an Open Field were taken. Likewise, dopaminergic (TH, DAT) and neuroinflammatory-related (GFAP) markers in the SNc and the dorsal striatum were studied by immunohistochemistry. Our results revealed that both early and delayed IGF-II co-treatment were successful in preventing motor and behavioral impairment in the MPTP/p model. Moreover, chronic IGF-II protected against MPTP/p-induced loss of dopaminergic neurons in the SNc and promoted a significant recovery of dopaminergic activity in the terminals located in the dorsal striatum, further reducing reactive astrocytosis in these brain regions. Thus, we demonstrated the neuroprotective role of IGF-II in a mouse model of PD, highlighting its potential as a promising therapeutical target for treating this disease. Funding: UMA18-FEDERJA-004, PID2020-113806RB-I00. Universidad de Málaga, Campus de Excelencia Internacional Andalucía Tech.</subfield>
   </datafield>
   <datafield ind1="8" ind2=" " tag="024">
      <subfield code="a">https://hdl.handle.net/10630/24781</subfield>
   </datafield>
   <datafield tag="653" ind2=" " ind1=" ">
      <subfield code="a">Parkinson, Enfermedad de - Congresos</subfield>
   </datafield>
   <datafield tag="653" ind2=" " ind1=" ">
      <subfield code="a">Medicamentos - Ensayos - Congresos</subfield>
   </datafield>
   <datafield tag="653" ind2=" " ind1=" ">
      <subfield code="a">Medicamentos - Efectividad - Congresos</subfield>
   </datafield>
   <datafield tag="653" ind2=" " ind1=" ">
      <subfield code="a">Experimentación animal - Congresos</subfield>
   </datafield>
   <datafield ind2="0" ind1="0" tag="245">
      <subfield code="a">Neuroprotective effects of insulin-like growth factor II in a mouse model of Parkinson's disease</subfield>
   </datafield>
</record>
</metadata></record></GetRecord></OAI-PMH>